[Event "5th EKA IIFL Investment 2019"]
[Site "Mumbai"]
[Date "2020.01.03"]
[Round "5.26"]
[White "Mithil, Ajgaonkar"]
[Black "Rajesh, V A V"]
[Result "0-1"]
[WhiteElo "2278"]
[BlackElo "2393"]
[Annotator "ChessBase"]
[PlyCount "114"]
[EventDate "2019.12.30"]
[EventType "swiss"]
[EventCountry "IND"]
[SourceTitle "playchess.com"]
[Source "ChessBase"]
[SourceQuality "1"]
[TimeControl "40/5400+30:1800+30"]

1. d4 {[%emt 0:00:00]} Nf6 {[%emt 0:00:00]} 2. Nf3 {[%emt 0:00:00]} g6 {[%emt 0:00:00]} 3. c4 {[%emt 0:00:00]} Bg7 {[%emt 0:00:00]} 4. g3 {[%emt 0:00:00]} O-O {[%emt 0:00:04]} 5. Bg2 {[%emt 0:00:00]} d5 {[%emt 0:00:42]} 6. cxd5 {[%emt 0:00:00]} Nxd5 {[%emt 0:00:09]} 7. O-O {[%emt 0:00:04]} Nb6 {[%emt 0:01:46]} 8. Nc3 {[%emt 0:00:06]} Nc6 {[%emt 0:00:19]} 9. e3 {[%emt 0:00:05]} Re8 {[%emt 0:00:46]} 10. d5 {[%emt 0:01:28]} Na5 {[%emt 0:02:26]} 11. Nd4 {[%emt 0:00:17]} Bd7 {[%emt 0:02:50]} 12. Re1 {[%emt 0:08:45]} c5 {[%emt 0:02:24]} 13. Nb3 {[%emt 0:07:44]} Na4 {[%emt 0:11:29]} 14. Nxa4 {[%emt 0:24:14]} Bxa4 {[%emt 0:00:10]} 15. Bd2 {[%emt 0:01:25]} Nc4 {[%emt 0:09:10]} 16. Bc3 {[%emt 0:01:14]} Bxc3 {[%emt 0:04:34]} 17. bxc3 {[%emt 0:00:02]} Qb6 {[%emt 0:04:34]} 18. Qe2 {[%emt 0:27:07]} Bb5 {[%emt 0:07:58]} 19. Nd2 {[%emt 0:03:42]} Nxd2 {[%emt 0:24:33]} 20. Qxd2 {[%emt 0:00:05]} Rad8 {[%emt 0:00:34]} 21. Rab1 {[%emt 0:13:39]} Qa5 {[%emt 0:00:52]} 22. Qb2 {[%emt 0:01:48]} Ba6 {[%emt 0:00:17]} 23. Rbd1 {[%emt 0:04:12]} Rd6 {[%emt 0:02:49]} 24. h4 {[%emt 0:03:43]} Rb6 {[%emt 0:01:50]} 25. Qc2 {[%emt 0:00:05]} Bc4 {[%emt 0:06:18]} 26. Qe4 {[%emt 0:00:43]} Qa4 {[%emt 0:00:22]} 27. h5 {[%emt 0:02:14]} Bb5 {[%emt 0:01:10]} 28. Qe5 {[%emt 0:00:43]} Bd7 {[%emt 0:02:45]} 29. e4 {[%emt 0:00:30]} f6 {[%emt 0:04:10]} 30. Qc7 {[%emt 0:00:33]} Rc8 {[%emt 0:01:14]} 31. Qf4 {[%emt 0:00:02]} g5 {[%emt 0:00:17]} 32. Qe3 {[%emt 0:00:27]} Bg4 {[%emt 0:01:46]} 33. Rd2 {[%emt 0:00:19]} e5 {[%emt 0:02:47]} 34. f4 {[%emt 0:01:02]} h6 {[%emt 0:00:27]} 35. fxe5 {[%emt 0:00:10]} fxe5 {[%emt 0:00:05]} 36. Rf1 {[%emt 0:00:18]} Qd7 {[%emt 0:00:56]} 37. Rdf2 {[%emt 0:00:11]} Bxh5 {[%emt 0:04:52]} 38. Rf5 {[%emt 0:01:24]} Qe7 {[%emt 0:00:59]} 39. Bh3 {[%emt 0:00:06]} Re8 {[%emt 0:00:28]} 40. c4 {[%emt 0:00:00]} Ra6 {[%emt 0:00:00]} 41. a3 {[%emt 0:07:53]} Kg7 {[%emt 0:07:45]} 42. Kh2 {[%emt 0:08:10]} Rb6 {[%emt 0:01:46]} 43. R5f2 {[%emt 0:04:27]} g4 {[%emt 0:02:20]} 44. Qe2 {[%emt 0:01:03]} Rg6 {[%emt 0:07:00]} 45. Rf5 {[%emt 0:00:14]} Qh4 {[%emt 0:03:26]} 46. Qd3 {[%emt 0:12:01]} Qxh3+ {[%emt 0:01:37]} 47. Kg1 {[%emt 0:00:01]} Rg5 {[%emt 0:01:16]} 48. R5f2 {[%emt 0:00:27]} Bg6 {[%emt 0:00:19]} 49. Rh2 {[%emt 0:00:08]} Bxe4 {[%emt 0:00:18]} 50. Qxe4 {[%emt 0:01:24]} Qxg3+ {[%emt 0:00:09]} 51. Rg2 {[%emt 0:00:14]} Qc3 {[%emt 0:00:21]} 52. Rd1 {[%emt 0:00:58]} Qf3 {[%emt 0:00:22]} 53. Qe1 {[%emt 0:00:20]} g3 {[%emt 0:03:03]} 54. d6 {[%emt 0:00:15]} Rf8 {[%emt 0:01:09]} 55. Rdd2 {[%emt 0:00:55]} Qf2+ {[%emt 0:00:37]} 56. Qxf2 {[%emt 0:00:32]} gxf2+ {[%emt 0:00:05]} 57. Rdxf2 {[%emt 0:00:04]} Rxf2 {[%emt 0:00:06]} 0-1

[Event "5th EKA IIFL Investment 2019"]
[Site "Mumbai"]
[Date "2020.01.03"]
[Round "5.27"]
[White "Manik, Mikulas"]
[Black "Nitish, Belurkar"]
[Result "1/2-1/2"]
[WhiteElo "2379"]
[BlackElo "2294"]
[Annotator "ChessBase"]
[PlyCount "101"]
[EventDate "2019.12.30"]
[EventType "swiss"]
[EventCountry "IND"]
[SourceTitle "playchess.com"]
[Source "ChessBase"]
[SourceQuality "1"]
[TimeControl "40/5400+30:1800+30"]

1. e4 {[%emt 0:00:00]} e6 {[%emt 0:00:00]} 2. d4 {[%emt 0:00:00]} d5 {[%emt 0:00:00]} 3. Nc3 {[%emt 0:00:00]} Nf6 {[%emt 0:00:00]} 4. e5 {[%emt 0:00:00]} Nfd7 {[%emt 0:00:00]} 5. f4 {[%emt 0:00:00]} c5 {[%emt 0:00:00]} 6. Nf3 {[%emt 0:00:00]} Nc6 {[%emt 0:00:07]} 7. Be3 {[%emt 0:00:00]} a6 {[%emt 0:00:04]} 8. Qd2 {[%emt 0:00:00]} b5 {[%emt 0:00:09]} 9. dxc5 {[%emt 0:00:11]} Bxc5 {[%emt 0:00:06]} 10. Bd3 {[%emt 0:01:16]} Qb6 {[%emt 0:02:18]} 11. Bf2 {[%emt 0:01:23]} Bb7 {[%emt 0:10:23]} 12. O-O {[%emt 0:01:03]} Rc8 {[%emt 0:00:10]} 13. Kh1 {[%emt 0:05:56]} Bxf2 {[%emt 0:03:18]} 14. Rxf2 {[%emt 0:01:12]} Nc5 {[%emt 0:00:49]} 15. Raf1 {[%emt 0:06:29]} b4 {[%emt 0:08:56]} 16. Nd1 {[%emt 0:02:07]} Ne7 {[%emt 0:17:33]} 17. Nd4 {[%emt 0:07:59]} Nxd3 {[%emt 0:05:52]} 18. Qxd3 {[%emt 0:00:06]} a5 {[%emt 0:00:13]} 19. Re1 {[%emt 0:00:23]} Ba6 {[%emt 0:01:11]} 20. Qd2 {[%emt 0:00:17]} Nc6 {[%emt 0:11:54]} 21. Nxc6 {[%emt 0:02:13]} Rxc6 {[%emt 0:00:33]} 22. f5 {[%emt 0:01:18]} d4 {[%emt 0:11:29]} 23. fxe6 {[%emt 0:13:39]} Rxe6 {[%emt 0:00:21]} 24. Rf4 {[%emt 0:00:23]} O-O {[%emt 0:01:00]} 25. Rxd4 {[%emt 0:07:08]} Rfe8 {[%emt 0:01:12]} 26. h3 {[%emt 0:02:16]} h6 {[%emt 0:05:02]} 27. Qf4 {[%emt 0:08:14]} Qc7 {[%emt 0:05:13]} 28. Kh2 {[%emt 0:03:16]} f6 {[%emt 0:03:11]} 29. Qg3 {[%emt 0:02:28]} Rxe5 {[%emt 0:01:38]} 30. Nf2 {[%emt 0:05:54]} R8e7 {[%emt 0:05:10]} 31. Ne4 {[%emt 0:03:33]} R5e6 {[%emt 0:00:29]} 32. Qxc7 {[%emt 0:00:24]} Rxc7 {[%emt 0:00:02]} 33. Rd8+ {[%emt 0:00:07]} Kh7 {[%emt 0:01:04]} 34. Ng5+ {[%emt 0:00:10]} hxg5 {[%emt 0:00:05]} 35. Rxe6 {[%emt 0:00:03]} Bc4 {[%emt 0:00:02]} 36. Ree8 {[%emt 0:06:37]} Bxa2 {[%emt 0:00:12]} 37. Rc8 {[%emt 0:00:22]} Rd7 {[%emt 0:00:01]} 38. Red8 {[%emt 0:01:54]} Re7 {[%emt 0:00:01]} 39. Rd2 {[%emt 0:01:00]} Bf7 {[%emt 0:02:38]} 40. Rc5 {[%emt 0:00:00]} a4 {[%emt 0:00:00]} 41. Ra5 {[%emt 0:09:36]} Be8 {[%emt 0:02:49]} 42. Kg3 {[%emt 0:01:46]} Re1 {[%emt 0:02:00]} 43. Ra8 {[%emt 0:00:44]} Bc6 {[%emt 0:00:08]} 44. Ra6 {[%emt 0:00:51]} Bb5 {[%emt 0:00:20]} 45. Ra5 {[%emt 0:01:36]} Be8 {[%emt 0:01:13]} 46. Rd8 {[%emt 0:09:23]} Bc6 {[%emt 0:01:07]} 47. Rc8 {[%emt 0:00:20]} Be4 {[%emt 0:05:45]} 48. Kf2 {[%emt 0:02:22]} Rb1 {[%emt 0:03:27]} 49. Rc4 {[%emt 0:00:57]} b3 {[%emt 0:00:17]} 50. Rxe4 {[%emt 0:02:39]} bxc2 {[%emt 0:00:09]} 51. Rc4 1/2-1/2

[Event "5th EKA IIFL Investment 2019"]
[Site "Mumbai"]
[Date "2020.01.03"]
[Round "5.28"]
[White "Konguvel, Ponnuswamy"]
[Black "Subhayan Kundu"]
[Result "0-1"]
[WhiteElo "2367"]
[BlackElo "2222"]
[Annotator "NA RC"]
[PlyCount "60"]
[EventDate "2019.12.30"]
[EventType "swiss"]
[EventCountry "IND"]
[SourceTitle "playchess.com"]
[Source "ChessBase"]
[SourceQuality "1"]
[TimeControl "40/5400+30:1800+30"]

1. e4 {[%emt 0:00:00]} e6 {[%emt 0:00:00]} 2. d4 {[%emt 0:00:00]} d5 {[%emt 0:00:01]} 3. Nc3 {[%emt 0:00:10]} Nf6 {[%emt 0:00:18]} 4. e5 {[%emt 0:00:16]} Nfd7 {[%emt 0:00:02]} 5. f4 {[%emt 0:00:14]} c5 {[%emt 0:00:08]} 6. Nf3 {[%emt 0:00:09]} Nc6 {[%emt 0:00:06]} 7. Be3 {[%emt 0:00:05]} Be7 {[%emt 0:00:11]} 8. Qd2 {[%emt 0:00:27]} O-O {[%emt 0:00:09]} 9. dxc5 {[%emt 0:00:37]} Qa5 {[%emt 0:01:37]} 10. O-O-O {[%emt 0:01:00]} b6 {[%emt 0:00:11]} 11. Bb5 {[%emt 0:01:11]} Nb4 {[%emt 0:00:06]} 12. a3 {[%emt 0:05:11]} bxc5 {[%emt 0:02:03]} 13. Kb1 {[%emt 0:03:43]} Nb6 {[%emt 0:00:29]} 14. f5 {[%emt 0:14:03]} exf5 {[%emt 0:00:14]} 15. Bg5 {[%emt 0:00:33]} Bxg5 {[%emt 0:02:06]} 16. Nxg5 {[%emt 0:02:15]} d4 {[%emt 0:05:52]} 17. axb4 {[%emt 0:46:40]} Qxb4 {[%emt 0:03:39]} 18. Nce4 {[%emt 0:02:53]} Qxb5 {[%emt 0:00:45]} 19. Nd6 {[%emt 0:00:30]} Qa6 {[%emt 0:00:40]} 20. Qf4 {[%emt 0:01:33]} Nd5 {[%emt 0:10:39]} 21. Qf3 {[%emt 0:02:44]} Be6 {[%emt 0:00:19]} 22. Nxf5 {[%emt 0:08:17]} Rab8 {[%emt 0:04:30]} 23. Rd3 {[%emt 0:06:02]} Nc3+ {[%emt 0:10:27]} 24. Kc1 {[%emt 0:00:03]} Qa1+ {[%emt 0:00:14]} 25. Kd2 {[%emt 0:00:01]} Qxh1 {[%emt 0:00:10]} 26. Ne7+ {[%emt 0:01:53]} Kh8 {[%emt 0:00:26]} 27. bxc3 {[%emt 0:01:29]} Rb1 {[%emt 0:00:15]} 28. Nxf7+ {[%emt 0:01:23]} Bxf7 {[%emt 0:00:15]} 29. Ng6+ {[%emt 0:00:30]} hxg6 {[%emt 0:00:05]} 30. Qh3+ {[%emt 0:00:04]} Kg8 {[%emt 0:00:02]} 0-1

[Event "5th EKA IIFL Investment 2019"]
[Site "Mumbai"]
[Date "2020.01.03"]
[Round "5.29"]
[White "Aleksandrov, Aleksej"]
[Black "Aaryan, Varshney"]
[Result "1-0"]
[WhiteElo "2592"]
[BlackElo "2269"]
[Annotator "RC"]
[PlyCount "123"]
[EventDate "2019.12.30"]
[EventType "swiss"]
[EventCountry "IND"]
[SourceTitle "playchess.com"]
[Source "ChessBase"]
[SourceQuality "1"]
[TimeControl "40/5400+30:1800+30"]

1. d4 {[%emt 0:00:00]} Nf6 {[%emt 0:00:00]} 2. c4 {[%emt 0:00:00]} e6 {[%emt 0:00:00]} 3. Nc3 {[%emt 0:00:00]} d5 {[%emt 0:00:09]} 4. cxd5 {[%emt 0:00:00]} exd5 {[%emt 0:00:14]} 5. Bg5 {[%emt 0:00:00]} Be7 {[%emt 0:00:23]} 6. e3 {[%emt 0:00:00]} c6 {[%emt 0:00:15]} 7. Bd3 {[%emt 0:00:00]} Nbd7 {[%emt 0:00:12]} 8. Qc2 {[%emt 0:00:33]} O-O {[%emt 0:00:19]} 9. Nge2 {[%emt 0:00:03]} h6 {[%emt 0:00:22]} 10. Bh4 {[%emt 0:00:04]} Re8 {[%emt 0:00:18]} 11. f3 {[%emt 0:00:04]} c5 {[%emt 0:02:02]} 12. O-O {[%emt 0:00:09]} b6 {[%emt 0:00:05]} 13. Kh1 {[%emt 0:07:54]} Bb7 {[%emt 0:02:29]} 14. Rad1 {[%emt 0:00:04]} a6 {[%emt 0:01:12]} 15. Bf5 {[%emt 0:00:33]} cxd4 {[%emt 0:10:39]} 16. Nxd4 {[%emt 0:00:11]} Ne5 {[%emt 0:00:20]} 17. Rfe1 {[%emt 0:05:17]} b5 {[%emt 0:04:07]} 18. Bh3 {[%emt 0:02:58]} g6 {[%emt 0:01:54]} 19. a3 {[%emt 0:12:19]} Qb6 {[%emt 0:03:42]} 20. Qf2 {[%emt 0:06:04]} Rad8 {[%emt 0:02:31]} 21. Nce2 {[%emt 0:02:44]} Nc6 {[%emt 0:11:27]} 22. Nxc6 {[%emt 0:02:34]} Bxc6 {[%emt 0:01:20]} 23. Nd4 {[%emt 0:00:58]} Bb7 {[%emt 0:00:36]} 24. Rc1 {[%emt 0:01:06]} b4 {[%emt 0:11:20]} 25. Qc2 {[%emt 0:03:07]} bxa3 {[%emt 0:03:24]} 26. bxa3 {[%emt 0:00:07]} Bc8 {[%emt 0:03:34]} 27. Qc6 {[%emt 0:03:57]} Qxc6 {[%emt 0:01:39]} 28. Nxc6 {[%emt 0:00:04]} g5 {[%emt 0:00:48]} 29. Bxc8 {[%emt 0:04:00]} gxh4 {[%emt 0:00:55]} 30. Nxd8 {[%emt 0:00:04]} Rxd8 {[%emt 0:00:29]} 31. Bxa6 {[%emt 0:01:44]} Bxa3 {[%emt 0:00:17]} 32. Rc8 {[%emt 0:00:08]} Rxc8 {[%emt 0:00:27]} 33. Bxc8 {[%emt 0:00:04]} Bc5 {[%emt 0:00:16]} 34. Kg1 {[%emt 0:00:06]} Kg7 {[%emt 0:00:25]} 35. Kf1 {[%emt 0:01:38]} Bb6 {[%emt 0:00:25]} 36. Ke2 {[%emt 0:07:31]} d4 {[%emt 0:02:02]} 37. e4 {[%emt 0:01:26]} Nh5 {[%emt 0:00:59]} 38. Rb1 {[%emt 0:03:48]} Bc7 {[%emt 0:00:35]} 39. Bg4 {[%emt 0:00:21]} Nf4+ {[%emt 0:00:19]} 40. Kf1 {[%emt 0:00:00]} h5 {[%emt 0:00:00]} 41. Bc8 {[%emt 0:00:49]} d3 {[%emt 0:01:03]} 42. Rd1 {[%emt 0:00:42]} Ba5 {[%emt 0:04:59]} 43. g3 {[%emt 0:01:23]} hxg3 {[%emt 0:00:04]} 44. hxg3 {[%emt 0:00:05]} Ne2 {[%emt 0:00:19]} 45. Kf2 {[%emt 0:04:07]} Bb6+ {[%emt 0:02:48]} 46. Kg2 {[%emt 0:00:11]} h4 {[%emt 0:00:27]} 47. Rxd3 {[%emt 0:02:02]} Nxg3 {[%emt 0:00:44]} 48. Kh3 {[%emt 0:00:42]} Bf2 {[%emt 0:00:18]} 49. Rd2 {[%emt 0:01:38]} Be1 {[%emt 0:00:13]} 50. Rd1 {[%emt 0:00:08]} Bf2 {[%emt 0:00:13]} 51. Kg4 {[%emt 0:00:53]} Kf6 {[%emt 0:00:58]} 52. Ba6 {[%emt 0:01:09]} Kg6 {[%emt 0:00:50]} 53. Rd6+ {[%emt 0:00:18]} Kg7 {[%emt 0:00:13]} 54. Bc4 {[%emt 0:00:16]} Nh1 {[%emt 0:00:30]} 55. Rd1 {[%emt 0:00:16]} Ng3 {[%emt 0:00:16]} 56. Rd7 {[%emt 0:00:50]} Nh1 {[%emt 0:00:14]} 57. Rxf7+ {[%emt 0:00:22]} Kg6 {[%emt 0:00:20]} 58. f4 {[%emt 0:00:27]} Bg3 {[%emt 0:00:11]} 59. e5 {[%emt 0:01:19]} Nf2+ {[%emt 0:00:11]} 60. Kf3 {[%emt 0:00:06]} h3 {[%emt 0:00:46]} 61. Kxg3 {[%emt 0:00:49]} h2 {[%emt 0:00:20]} 62. Kxh2 {[%emt 0:00:19]} 1-0

[Event "5th EKA IIFL Investment 2019"]
[Site "Mumbai"]
[Date "2020.01.03"]
[Round "5.30"]
[White "Wagh Suyog"]
[Black "David, Alberto"]
[Result "0-1"]
[WhiteElo "2219"]
[BlackElo "2545"]
[Annotator "TA"]
[PlyCount "80"]
[EventDate "2019.12.30"]
[EventType "swiss"]
[EventCountry "IND"]
[SourceTitle "playchess.com"]
[Source "ChessBase"]
[SourceQuality "1"]

{[%evp 15,80,0,0,0,0,0,54,36,45,12,47,18,26,13,8,14,7,7,10,6,9,19,21,6,12,15,43,22,142,143,266,239,219,70,64,39,64,37,50,35,31,20,45,40,33,27,27,31,31,13,30,0,27,8,10,0,0,0,0,-7,-10,-284,-280,-236,-244,-1533,-1553]} 1. d4 Nf6 2. c4 g6 3. Nc3 d5 4. cxd5 Nxd5 5. e4 Nxc3 6. bxc3 Bg7 7. Be3 c5 8. Nf3 Qa5 9. Bd2 {D85: Exchange Grünfeld: Unusual White 7th moves and lines with 7 Nf3} (9. Qd2 Nc6 10. Rb1 cxd4 11. cxd4 O-O 12. Qxa5 Nxa5 13. Bd3 Bg4 14. O-O Bxf3 15. gxf3 e6 16. Rfd1 Rfd8 17. Bf1 b6 18. Ba6 {1-0 (37) Carlsen,M (2875)-Vachier Lagrave,M (2779) Zagreb 2019}) 9... O-O 10. Be2 Nd7 (10... Bg4 $11) 11. O-O $14 {White is slightly better.} Nb6 $146 ({Predecessor:} 11... e5 12. a4 Qc7 13. Rc1 b6 14. Qb3 Bb7 15. d5 Nf6 16. Qc2 Ne8 17. c4 Nd6 {0-1 (40) Korobov,A (2708)-Nepomniachtchi,I (2728) Sochi 2015}) 12. Qb3 Bd7 13. Rab1 Rac8 14. c4 Qa6 15. d5 e6 16. Bc3 $36 {[%mdl 2048] White has good play.} Bxc3 17. Qxc3 {Ne5 is the strong threat.} exd5 $1 18. exd5 Bf5 19. Rbd1 Rfe8 20. Rfe1 Qa4 {And now ...Rxe2! would win.} 21. Bf1 Nd7 (21... Qc2 $11 {keeps the balance.} 22. Qxc2 Bxc2) 22. h3 $16 Qb4 (22... h5 $16 23. Nh4 Be4) 23. Qc1 $1 $18 Nf6 {[#]} 24. Qa1 ({White should play} 24. g4 $1 $18 {[%cal Rg4f5]} Bd7 25. a3) 24... Qb6 $14 25. Rc1 Rcd8 26. Ne5 Qd6 27. Qb2 Re7 28. Nf3 {Black should prevent Rxe7.} Be4 29. Nd2 Rde8 30. Re3 Bf5 31. Rxe7 Rxe7 32. Qc3 h5 33. Rd1 h4 34. Nf3 Ne4 35. Qc1 Qf6 36. Qf4 g5 37. Qb8+ Kg7 {White must now prevent ...Qb2.} 38. Bd3 $2 {[%mdl 8192] [#]} (38. Re1 $11) 38... Bxh3 $1 $19 {[%mdl 512]} 39. Bxe4 (39. gxh3 Qxf3) 39... Rxe4 40. d6 $2 {[#]} (40. Nh2 Bg4 41. f3) 40... Rg4 $1 {Accuracy: White = 28%, Black = 56%.} 0-1

[Event "5th EKA IIFL Investment 2019"]
[Site "Mumbai"]
[Date "2020.01.03"]
[Round "5.31"]
[White "Ziatdinov, Raset"]
[Black "Debashis, Das"]
[Result "0-1"]
[WhiteElo "2204"]
[BlackElo "2523"]
[Annotator "TA"]
[PlyCount "74"]
[EventDate "2019.12.30"]
[EventType "swiss"]
[EventCountry "IND"]
[SourceTitle "playchess.com"]
[Source "ChessBase"]
[SourceQuality "1"]

{[%evp 14,74,10,0,23,12,0,6,41,29,75,80,75,80,70,20,25,-56,-56,-120,-113,-143,-71,-80,-58,-205,-203,-379,-296,-456,-466,-610,-617,-599,-608,-539,-560,-548,-539,-505,-517,-578,-560,-729,-741,-739,-735,-727,-744,-720,-713,-1187,-793,-1209,-1179,-1251,-1235,-1147,-1081,-940,-897,-29997,-29998]} 1. e4 c5 2. Nf3 d6 3. d4 cxd4 4. Nxd4 Nf6 5. Nc3 a6 6. Bg5 e6 7. f3 Nbd7 8. Qd2 Qc7 {B95: Sicilian Najdorf: 6 Bg5 e6, unusual White 7th moves} (8... h6 9. Be3 h5 10. a4 Qc7 11. a5 Be7 12. Qf2 O-O 13. Nb3 Rb8 14. Ba7 Ra8 15. O-O-O Qc6 16. Nd4 {0-1 (28) Savchenko,B (2550)-Cheparinov,I (2693) Batumi 2018}) 9. O-O-O b5 10. a3 Rb8 $146 {The position is equal.} ({Predecessor:} 10... Bb7 11. Bxb5 axb5 12. Ndxb5 Qc6 13. Nxd6+ Bxd6 14. Qxd6 Qxd6 15. Rxd6 {0-1 (63) Bankert,K (1945)-Krol,S (2011) Poland 2010}) 11. g4 Ne5 12. f4 Nc4 13. Bxc4 bxc4 14. Bxf6 (14. e5 $5 {[%cal Re5f6]} Nxg4 15. exd6 Bxd6 16. h3 $14) 14... gxf6 15. Qe2 (15. Rde1 $1 $11) 15... Bd7 $15 16. Nf3 (16. g5 $15) 16... Qb6 $17 17. Kd2 Bg7 (17... Bh6 $142 18. Qe3 (18. g5 fxg5 19. Nxg5 Rg8 $17) 18... Qxe3+ 19. Kxe3 Rxb2) 18. Rb1 O-O 19. f5 {[#]} ({White should try} 19. Qe3 $15) 19... d5 $1 $19 {[%cal Rd5e4][%mdl 512]} 20. exd5 $2 (20. Qe3 {was the only defense.}) 20... Bh6+ 21. g5 (21. Kd1 {was necessary.} exd5 22. g5 fxg5 23. Nd2) 21... fxg5 22. Ne5 exd5 23. Nxd7 Qd4+ 24. Ke1 Rbe8 25. Nxf8 {Hoping for Ne6.} Rxe2+ 26. Nxe2 Qe4 27. Rf1 {intending Nd7.} Bxf8 28. Kd2 d4 29. Rbe1 {[#]} c3+ $1 {[%mdl 576] Double Attack} 30. Kc1 (30. bxc3 Qe3+) 30... Qe3+ 31. Kb1 cxb2 32. Kxb2 Qxa3+ 33. Kb1 d3 34. cxd3 Qxd3+ 35. Kb2 Bb4 36. Nc1 Qd4+ 37. Kb3 Qc3+ {[%mdl 64] Double Attack. Accuracy: White = 26%, Black = 62%.} 0-1

[Event "5th EKA IIFL Investment 2019"]
[Site "Mumbai"]
[Date "2020.01.03"]
[Round "5.32"]
[White "Rios, Cristhian Camilo"]
[Black "Luong, Phuong Hanh"]
[Result "1-0"]
[WhiteElo "2505"]
[BlackElo "2256"]
[Annotator "ChessBase"]
[PlyCount "95"]
[EventDate "2019.12.30"]
[EventType "swiss"]
[EventCountry "IND"]
[SourceTitle "playchess.com"]
[Source "ChessBase"]
[SourceQuality "1"]
[TimeControl "40/5400+30:1800+30"]

1. Nf3 {[%emt 0:00:00]} Nf6 {[%emt 0:00:41]} 2. c4 {[%emt 0:00:00]} g6 {[%emt 0:00:13]} 3. Nc3 {[%emt 0:00:04]} d5 {[%emt 0:00:09]} 4. d4 {[%emt 0:00:09]} Bg7 {[%emt 0:00:06]} 5. Qb3 {[%emt 0:00:07]} dxc4 {[%emt 0:00:07]} 6. Qxc4 {[%emt 0:00:07]} a6 {[%emt 0:00:10]} 7. Bf4 {[%emt 0:00:07]} c6 {[%emt 0:02:10]} 8. e4 {[%emt 0:01:11]} b5 {[%emt 0:03:51]} 9. Qb3 {[%emt 0:01:03]} O-O {[%emt 0:00:31]} 10. h3 {[%emt 0:04:08]} a5 {[%emt 0:03:17]} 11. Qc2 {[%emt 0:01:47]} Na6 {[%emt 0:02:21]} 12. Be2 {[%emt 0:05:16]} b4 {[%emt 0:00:57]} 13. Na4 {[%emt 0:02:16]} b3 {[%emt 0:02:21]} 14. Qxb3 {[%emt 0:02:51]} Nxe4 {[%emt 0:01:14]} 15. a3 {[%emt 0:02:01]} c5 {[%emt 0:05:48]} 16. d5 {[%emt 0:18:47]} Nc7 {[%emt 0:06:08]} 17. Rd1 {[%emt 0:01:04]} Nd6 {[%emt 0:14:24]} 18. Ne5 {[%emt 0:05:20]} Bxe5 {[%emt 0:04:19]} 19. Bxe5 {[%emt 0:01:08]} Ba6 {[%emt 0:01:10]} 20. Nxc5 {[%emt 0:07:48]} Bxe2 {[%emt 0:00:23]} 21. Kxe2 {[%emt 0:00:08]} Qc8 {[%emt 0:02:45]} 22. Rhe1 {[%emt 0:01:43]} a4 {[%emt 0:07:48]} 23. Qd3 {[%emt 0:00:16]} Ra5 {[%emt 0:00:54]} 24. Rc1 {[%emt 0:00:51]} Qa8 {[%emt 0:00:46]} 25. Red1 {[%emt 0:01:06]} Rd8 {[%emt 0:07:19]} 26. Kf1 {[%emt 0:00:42]} Nde8 {[%emt 0:00:34]} 27. d6 {[%emt 0:03:56]} Nxd6 {[%emt 0:06:26]} 28. Qc3 {[%emt 0:08:56]} Nce8 {[%emt 0:04:44]} 29. Qb4 {[%emt 0:11:06]} Rb5 {[%emt 0:05:23]} 30. Qh4 {[%emt 0:03:49]} Rc8 {[%emt 0:12:15]} 31. Bxd6 {[%emt 0:02:37]} exd6 {[%emt 0:01:00]} 32. Nd7 {[%emt 0:01:58]} Rxb2 {[%emt 0:04:58]} 33. Qe7 {[%emt 0:12:10]} Ng7 {[%emt 0:00:05]} 34. Nf6+ {[%emt 0:00:48]} Kh8 {[%emt 0:00:01]} 35. Rxc8+ {[%emt 0:00:10]} Qxc8 {[%emt 0:00:02]} 36. Qxf7 {[%emt 0:01:45]} Rb8 {[%emt 0:00:48]} 37. Qa7 {[%emt 0:00:42]} Qc4+ {[%emt 0:01:18]} 38. Kg1 {[%emt 0:00:07]} Rf8 {[%emt 0:00:07]} 39. Qe7 {[%emt 0:00:33]} Rc8 {[%emt 0:01:09]} 40. Qxd6 {[%emt 0:00:00]} Qf7 {[%emt 0:00:00]} 41. Qd7 {[%emt 0:08:00]} Qf8 {[%emt 0:00:54]} 42. Rd4 {[%emt 0:03:41]} Rb8 {[%emt 0:04:18]} 43. Qd6 {[%emt 0:04:23]} Nf5 {[%emt 0:04:22]} 44. Qc7 {[%emt 0:01:34]} Ne7 {[%emt 0:00:30]} 45. Rd7 {[%emt 0:02:34]} Rb1+ {[%emt 0:00:20]} 46. Kh2 {[%emt 0:00:11]} Qxf6 {[%emt 0:00:03]} 47. Rxe7 {[%emt 0:00:15]} Qf8 {[%emt 0:00:14]} 48. Qe5+ 1-0

[Event "5th EKA IIFL Investment 2019"]
[Site "Mumbai"]
[Date "2020.01.03"]
[Round "5.33"]
[White "Lugovskoy, Maxim"]
[Black "Vatsal Singhania"]
[Result "1-0"]
[WhiteElo "2466"]
[BlackElo "2252"]
[Annotator "TA"]
[PlyCount "95"]
[EventDate "2019.12.30"]
[EventType "swiss"]
[EventCountry "IND"]
[SourceTitle "playchess.com"]
[Source "ChessBase"]
[SourceQuality "1"]

{[%evp 19,95,40,41,31,31,20,35,-16,-5,-8,-8,-23,0,0,-6,-9,56,8,76,49,27,26,23,33,126,41,48,47,42,0,0,0,12,0,113,112,181,188,186,187,209,215,206,215,220,220,209,208,255,275,346,340,354,344,382,367,363,365,364,363,422,397,420,417,537,544,558,541,2210,2206,2154,2199,2189,2174,1983,1976,2032,1955]} 1. e4 c5 2. Nf3 d6 3. Bb5+ Bd7 4. Bxd7+ Qxd7 5. O-O Nc6 6. c3 Nf6 7. d4 Nxe4 8. d5 Ne5 9. Re1 Nf6 10. Nxe5 dxe5 11. Rxe5 {B52: Sicilian: Moscow Variation with 3...Bd7} O-O-O {[%cal Rf6d5]} 12. c4 $1 e6 13. Nc3 (13. Bg5 $1 $14) 13... Bd6 $11 14. Re1 exd5 15. cxd5 Qf5 16. Be3 {[#]} Kb8 $146 ({Predecessor:} 16... Ng4 17. h3 Nxe3 18. Rxe3 a6 {½-½ (43) Degraeve,J (2530)-Nevednichy,V (2538) Saint Affrique 2004}) 17. h3 h5 ({Better is} 17... a6 $11) 18. Nb5 {Hoping for Qa4.} Nxd5 (18... a6 $11 19. Nxd6 Rxd6) 19. Qa4 a6 20. Nxd6 Rxd6 21. Bxc5 Rg6 (21... Rc6 $14 22. Qd4 f6) 22. Qe4 (22. Re8+ $16 Rxe8 23. Qxe8+ Kc7 24. Bd4 Rxg2+ 25. Kxg2 Nf4+ 26. Kf3 Ne6+ 27. Kg3 h4+ 28. Kh2 Qf4+ 29. Kg2 Nxd4 30. Qe3) 22... Qxe4 $14 23. Rxe4 Rc6 24. Bd4 f6 25. Rd1 Rhc8 26. Rd3 Nb4 (26... Rd6 $11 {keeps the balance.}) 27. Rg3 $36 {[%mdl 2048] Black is under strong pressure.} R6c7 {[#]} (27... R8c7 $16 {was called for.}) 28. Bxf6 $1 $18 {[%mdl 576] Discovered Attack} gxf6 29. Rxb4 {[%mdl 4096] Endgame KRR-KRR} Rd8 30. Rf3 Rc6 31. g3 Rd5 32. a4 Kc7 33. b3 b6 {[#]} 34. Rbf4 $1 Rdd6 35. Kg2 Kd7 36. h4 Ke7 {[#]} 37. Rf5 $1 Kf7 {and the idea ...Kg6 leaves Black hopeful.} 38. Rxh5 Kg6 39. Rh8 Rd4 40. Rg8+ Kf7 41. Rb8 a5 42. h5 {White is clearly winning.} Kg7 43. Re3 Rd2 44. Re7+ Kh6 45. Rh8+ Kg5 46. Rg8+ Kf5 47. Re3 Rd7 48. Kf3 {Accuracy: White = 77%, Black = 34%.} 1-0